[Event "Moscow (Women)"]
[Site "Moscow"]
[Date "1992.??.??"]
[Round "8"]
[White "Chekhova Kostina, Tatiana M"]
[Black "Melkumova, N."]
[Result "1/2-1/2"]
[WhiteElo "2265"]
[BlackElo "2135"]
[PlyCount "46"]
[EventDate "1992.??.??"]
[EventType "tourn"]
[EventRounds "11"]
[EventCountry "RUS"]
[SourceTitle "EXT 2002"]
[Source "ChessBase"]
[SourceDate "2001.11.25"]
[SourceVersion "1"]
[SourceVersionDate "2001.11.25"]
[SourceQuality "1"]

1. d4 d5 2. c4 c6 3. Nc3 e6 4. Nf3 Be7 5. e4 dxe4 6. Nxe4 Nf6 7. Bd3 Nxe4 8. Bxe4 Nd7 9. 0-0 Nf6 10. Bc2 0-0 11. Qd3 Re8 12. Bg5 g6 13. Rad1 Nh5 14. Be3 Qc7 15. c5 b6 16. Rfe1 Nf6 17. Bb3 Nd5 18. Rc1 b5 19. Bg5 a5 20. Bxe7 Rxe7 21. Qe4 Ra7 22. Bxd5 exd5 23. Qh4 Kg7 1/2-1/2